[Event "Novosibirsk Sukharev Memorial op"]
[Site "Novosibirsk"]
[Date "2012.07.26"]
[Round "9"]
[White "Kuzmin, Georgy"]
[Black "Sevostianov, Vladimir"]
[Result "1-0"]
[WhiteElo "2115"]
[BlackElo "2207"]
[PlyCount "109"]
[EventDate "2012.07.18"]
[EventType "swiss"]
[EventRounds "9"]
[EventCountry "RUS"]
[SourceTitle "EXT 2013"]
[Source "ChessBase"]
[SourceDate "2012.11.22"]
[SourceVersion "1"]
[SourceVersionDate "2012.11.22"]
[SourceQuality "1"]

1. e4 c5 2. c3 d6 3. d4 Nf6 4. dxc5 Nc6 5. Qc2 dxc5 6. Nf3 Qc7 7. Be2 e5 8. 0-0 Be7 9. Na3 h6 10. Rd1 0-0 11. h3 a6 12. Nc4 Be6 13. Be3 b5 14. Ncd2 c4 15. Nf1 Nh5 16. Nh4 Nf4 17. Nf5 Bxf5 18. exf5 e4 19. Ng3 Nxe2+ 20. Qxe2 Rfe8 21. Nxe4 Qe5 22. Qg4 Bf6 23. f3 Rad8 24. Bxh6 Ne7 25. Rxd8 Rxd8 26. Nxf6+ Qxf6 27. Bg5 Qe5 28. Qe4 Qxe4 29. fxe4 f6 30. Bf4 g5 31. fxg6 Nxg6 32. Rf1 Kg7 33. g3 Re8 34. Re1 f5 35. e5 Rd8 36. e6 Kf6 37. e7 Nxe7 38. h4 Rd3 39. Bg5+ Kg6 40. Rxe7 Rxg3+ 41. Kf2 Rh3 42. Kg2 Rd3 43. Re6+ Kh5 44. Rxa6 Kg4 45. Re6 f4 46. Kf2 Rh3 47. Re2 Rh2+ 48. Kf1 Rh1+ 49. Kg2 Ra1 50. Rf2 Rxa2 51. Rxf4+ Kh5 52. Rf2 Kg4 53. Re2 Ra7 54. Re4+ Kh5 55. Re5 1-0

[Event "Novosibirsk-ch open"]
[Site "Novosibirsk"]
[Date "2011.10.03"]
[Round "3"]
[White "Gubsky, Egor"]
[Black "Kuzmin, Georgy"]
[Result "1/2-1/2"]
[WhiteElo "2001"]
[BlackElo "2136"]
[PlyCount "107"]
[EventDate "2011.09.29"]
[EventType "swiss"]
[EventRounds "9"]
[EventCountry "RUS"]
[SourceTitle "EXT 2012"]
[Source "ChessBase"]
[SourceDate "2011.11.24"]
[SourceVersion "1"]
[SourceVersionDate "2011.11.24"]
[SourceQuality "1"]

1. d4 d5 2. c4 c6 3. cxd5 cxd5 4. Nf3 Nf6 5. Nc3 Bf5 6. Bf4 e6 7. e3 Nc6 8. Bb5 Nd7 9. Qa4 Qb6 10. 0-0 Be7 11. Rfc1 0-0 12. Bxc6 bxc6 13. Nd1 Rfc8 14. Rc3 Qb7 15. Ne5 Nb6 16. Qb3 f6 17. Nf3 a5 18. a3 a4 19. Qa2 Nc4 20. b4 axb3 21. Rxb3 Qa6 22. a4 Na5 23. Rc3 Bb4 24. Rcc1 Be4 25. Nb2 Qe2 26. Ne1 Bd2 27. Rd1 Bc3 28. Nbd3 Bxd3 29. Nxd3 Qxa2 30. Rxa2 Nc4 31. Rc1 Ba5 32. Rb1 Ra7 33. h3 Re7 34. Nc5 e5 35. Bg3 Bb6 36. Nb3 Ra7 37. Nd2 Nxd2 38. Rxd2 Bc7 39. Rc2 Ra6 40. Rbc1 Bd6 41. Kf1 Kf7 42. Ke2 Ke6 43. Ra2 Rca8 44. Rca1 exd4 45. Bxd6 d3+ 46. Kxd3 Kxd6 47. f3 Rb8 48. Kc3 f5 49. Rd1 g5 50. e4 fxe4 51. fxe4 Kc5 52. exd5 cxd5 53. Rad2 Rd8 54. Rd4 1/2-1/2

[Event "Novosibirsk Region-ch sf"]
[Site "Novosibirsk"]
[Date "2010.10.19"]
[Round "4"]
[White "Kuzmin, Georgy"]
[Black "Vasiliev, Igor"]
[Result "1-0"]
[WhiteElo "2029"]
[BlackElo "2271"]
[PlyCount "49"]
[EventDate "2010.??.??"]
[EventType "swiss"]
[EventRounds "9"]
[EventCountry "RUS"]
[SourceTitle "EXT 2014"]
[Source "ChessBase"]
[SourceDate "2013.11.20"]
[SourceVersion "1"]
[SourceVersionDate "2013.11.20"]
[SourceQuality "1"]

1. e4 e5 2. Nc3 Nc6 3. Bc4 Nf6 4. d3 Be7 5. Nge2 0-0 6. 0-0 d6 7. f4 Bg4 8. f5 a6 9. a3 Nd4 10. h3 Bxe2 11. Nxe2 Nxe2+ 12. Qxe2 c6 13. Ba2 Re8 14. g4 d5 15. g5 Nd7 16. Qg4 dxe4 17. dxe4 Rf8 18. Kh2 Kh8 19. Rd1 Qe8 20. f6 Nxf6 21. gxf6 Bxf6 22. Be3 Qe7 23. Rd7 Qe8 24. Bc5 Rg8 25. Bxf7 1-0

[Event "Novosibirsk Sukharev Memorial op"]
[Site "Novosibirsk"]
[Date "2010.07.18"]
[Round "1"]
[White "Kuzmin, Georgy"]
[Black "Beletsky, Alexey"]
[Result "0-1"]
[WhiteElo "1996"]
[BlackElo "2320"]
[PlyCount "90"]
[EventDate "2010.07.18"]
[EventType "swiss"]
[EventRounds "9"]
[EventCountry "RUS"]
[SourceTitle "EXT 2011"]
[Source "ChessBase"]
[SourceDate "2010.11.26"]
[SourceVersion "1"]
[SourceVersionDate "2010.11.26"]
[SourceQuality "1"]

1. e4 Nf6 2. Nc3 d5 3. exd5 Nxd5 4. Bc4 Nxc3 5. Qf3 e6 6. dxc3 Qf6 7. Be3 Qxf3 8. Nxf3 Bd6 9. 0-0-0 Nd7 10. Ng5 Nf6 11. f3 Bd7 12. Ne4 Nxe4 13. fxe4 Ke7 14. Bd4 e5 15. Be3 Be6 16. Bd5 c6 17. Bxe6 Kxe6 18. Rd3 Rhd8 19. Rhd1 Be7 20. Kb1 Rd6 21. c4 b6 22. a3 Rad8 23. b4 g6 24. c5 bxc5 25. Bxc5 Rxd3 26. Rxd3 Rxd3 27. cxd3 Bxc5 28. bxc5 f5 29. Kc2 f4 30. Kd2 g5 31. g3 fxg3 32. hxg3 h5 33. Ke3 Kd7 34. Kf3 Kc7 35. Ke3 Kb7 36. d4 exd4+ 37. Kxd4 Kc7 38. Ke5 h4 39. gxh4 gxh4 40. Kf4 Kd7 41. Kg4 Ke6 42. Kxh4 Ke5 43. Kg3 Kxe4 44. Kf2 Kd4 45. Ke2 Kc4 0-1

[Event "Novosibirsk Sukharev Memorial op"]
[Site "Novosibirsk"]
[Date "2009.07.18"]
[Round "1"]
[White "Kuzmin, Georgy"]
[Black "Polyakevich, Stanislav Georgievi"]
[Result "1/2-1/2"]
[WhiteElo "1966"]
[BlackElo "2311"]
[PlyCount "133"]
[EventDate "2009.07.18"]
[EventType "swiss"]
[EventRounds "9"]
[EventCountry "RUS"]
[SourceTitle "CBM 131 Extra"]
[Source "ChessBase"]
[SourceDate "2009.09.03"]
[SourceVersion "2"]
[SourceVersionDate "2009.09.16"]
[SourceQuality "1"]

1. e4 c5 2. c3 Nf6 3. e5 Nd5 4. d4 cxd4 5. cxd4 d6 6. Nf3 Nc6 7. Bc4 Nb6 8. Bb3 d5 9. Nh4 e6 10. Nf3 Be7 11. 0-0 Bd7 12. Nc3 Rc8 13. Na4 Nxa4 14. Bxa4 Na5 15. Bxd7+ Qxd7 16. b3 h6 17. Bb2 Qb5 18. Rc1 0-0 19. Qd2 Nc6 20. Bc3 a5 21. Qb2 Nb4 22. Bxb4 Bxb4 23. h3 Rc6 24. Rxc6 bxc6 25. Rc1 Rc8 26. Rc2 Be7 27. Qc1 c5 28. dxc5 Rxc5 29. Rxc5 Bxc5 30. Qc2 Qb4 31. Qd2 Qxd2 32. Nxd2 Bd4 33. Nf3 Bc3 34. Kf1 f6 35. exf6 gxf6 36. Ke2 e5 37. Ne1 Bb4 38. Nc2 Kf7 39. f3 h5 40. g4 hxg4 41. hxg4 Ke6 42. Kd3 Bc5 43. a3 Bf8 44. b4 axb4 45. axb4 Kd6 46. Ne3 Ke6 47. Nc2 Bd6 48. Ke3 Bc7 49. Kd3 Bb6 50. Ne3 Kd6 51. Nf5+ Kd7 52. Kc3 Bd8 53. Kd3 Bc7 54. Ne3 Kc6 55. Nf5 Bd8 56. Ne3 Bb6 57. Nf5 Bf2 58. Ne7+ Kd6 59. Nf5+ Kd7 60. Ke2 Bg1 61. Kf1 Bb6 62. Ke2 Bc7 63. Kd3 Bb8 64. Ne3 Kc6 65. Nf5 Bd6 66. Nh6 Bf8 67. Ng8 1/2-1/2

[Event "Novosibirsk Region-ch final"]
[Site "Novosibirsk"]
[Date "2008.12.12"]
[Round "8"]
[White "Kuzmin, Georgy"]
[Black "Moskalenko, Viktor"]
[Result "1-0"]
[WhiteElo "1872"]
[BlackElo "2568"]
[PlyCount "58"]
[EventDate "2008.12.05"]
[EventType "swiss"]
[EventRounds "9"]
[EventCountry "RUS"]
[SourceTitle "EXT 2010"]
[Source "ChessBase"]
[SourceDate "2010.11.25"]
[SourceVersion "1"]
[SourceVersionDate "2010.11.25"]
[SourceQuality "1"]

1. e4 c5 2. c3 Nf6 3. e5 Nd5 4. d4 e6 5. Nf3 Be7 6. Be2 0-0 7. 0-0 f6 8. c4 Nb6 9. exf6 Rxf6 10. dxc5 Bxc5 11. Bg5 Nc6 12. Nc3 d5 13. Bxf6 gxf6 14. cxd5 exd5 15. Qd2 Bf5 16. Rad1 d4 17. Qf4 Bc2 18. Rd2 d3 19. Bd1 Qe7 20. Bxc2 dxc2 21. Rxc2 Rd8 22. Ne4 Bd4 23. Rxc6 Be5 24. Nxe5 fxe5 25. Qg4+ Kh8 26. Qe6 Qg7 27. Qf6 Rd4 28. Qxg7+ Kxg7 29. Rc7+ Kg6 1-0